01032nam a22001937a 4500008004100000020001800041050001700059110004500076245012800121260006700249300002300316500001700339504012200356505016300478650004700641650004600688650005100734700005300785171204b xxu||||| |||| 00| 0 spa d a9786074688702 aKGF2921bV57 aSuprema Corte de Justicia de la Nación aLa visión de Palavicini del Derecho Constitucional a principios del siglo XXc / Suprema Corte de Justicia de la Nación aMéxicob : Suprema Corte de Justicia de la Naciónc , 2016 axx ; 494 páginas aIncluye 1 CD aIncluye: Agradecimientos Tabla de contenido Presentación Introducción Estudio introductorio Apéndice documental aMi vida revolucionaria Un nuevo congreso constituyente Historia de la Cosntitución de 1917 Palabras y acciones Miga El libro que Palavicini nunca escribió 0aDERECHO CONSTITUCIONALxHISTORIAzMÉXICO 0aREVOLUCIÓN MEXICANAxCONDICIÓN SOCIAL 0aCONGRESO CONSTITUYENTExREFORMA CONSTITUCIONAL aVillalpando José ManueleEstudio introductorio